00493nam a2200169Ia 4500008004100000020002300041040001900064041001200083082002500095100001400120245003800134260005100172300001800223504005000241650001400291850001800305131103s9999 xx 000 0 und d a8176488275cRs 695 aLoreto College aEnglish a378/RAObLCLIB/45060 aRao, V.K. aManagement of educationcV.K. Rao aNew DelhibA.P.H. Publishing Corporationc2005 a258p c 24 cm aIncludes bibliographical references and index aEducation aLCLIB/378/RAO